000 01439cam a2200301 4500
001 22227
003 BD-RjUL
005 20211209000801.0
008 140306s1961 enk 000 0 eng d
035 _a(BD-RjUL)22292
040 _aDLC
_cDLC
_dDLC
_dBD-RjUL
_beng
041 1 _aengund
082 0 0 _a839.8226
_bIBO V-5 1961
100 1 _aIbsen, Henrik,
_d1828-1906.
_968615
245 1 4 _aThe Oxford Ibsen /
_cTranslated and edited by James Walter McFarlane.
_nVolume V :
_pPillars of Scociety A Dolls House Ghots
260 _aLondon ;
_aNew York :
_bOxford University Press,
_c1961
300 _avii,490p. ;
_c23 cm.
500 _aSpine title: Ibsen.
500 _aVol. 6 has title: Ibsen.
500 _aVol. 1, 1970; v. 2, 1962; v. 3, 1972; v. 4, 1963; v. 5, 1961; v. 6, 1960; v. 7, 1966; v. 8, 1977.
505 0 _av. 1. Early plays.--v. 2. The Vikings at Helgeland. Love's comedy. The pretenders.--v. 3. Brand. Peer Gynt.--v. 4. The league of youth. Emperor and Galilean.--v. 5. Pillars of society. A doll's house. Ghosts.--v. 6. An enemy of the people. The wild duck. Rosmersholm.--v. 7. The lady from the sea. Hedda Gabler. The master builder.--v. 8. Little Eyolf. John Gabriel Borkman. When we dead awaken.
600 1 0 _aIbsen, Henrik,
_d1828-1906
_xTranslations into English.
_968619
700 1 _aMcFarlane, James Walter.
_961942
942 _2ddc
_cBK
999 _c22227
_d22227